Analýza medzinárodných zmlúv o zamedzení dvojitého zdanenia uzatvorených Slovenskou republikou

Informácia o alokačných pravidlách Modelovej zmuvy OECD - články 6 a 7.

Salvato in:
Dettagli Bibliografici
Autore principale: Bláhová, Renáta
Natura: Capitolo di libro
Lingua:slovacco
Soggetti:
Tags: Aggiungi Tag
Nessun Tag, puoi essere il primo ad aggiungerne!!

MARC

LEADER 00000naa$a2200000$$$4500
001 0086084
005 20231127094853.1
041 0 |a slo 
044 |a SK 
245 1 0 |a Analýza medzinárodných zmlúv o zamedzení dvojitého zdanenia uzatvorených Slovenskou republikou  |c Renáta Bláhová 
520 |a Informácia o alokačných pravidlách Modelovej zmuvy OECD - články 6 a 7. 
610 2 0 |a zmluvy medzinárodné 
610 2 0 |a zdaňovanie medzinárodné 
610 2 0 |a zdanenie dvojité 
610 2 0 |a Slovensko 
100 1 |a Bláhová, Renáta